000 00356nam a2200133Ia 4500
005 20260328104336.0
008 260328s9999||||xx |||||||||||||| ||und||
100 _aBush-Brown, Albert
245 0 _aLouis Sullivan Maestros de la Arquitectura Mundial /
_cAlbert Bush-Brown
260 _bBruguera
300 _a127 p.
650 _aARQUITECTOS
942 _cBK
999 _c11897
_d11897